| Tag |
First Indicator |
Second Indicator |
Subfields |
| LEADER |
00000cgm a2200000Mi 4500 |
| 001 |
in00005513021 |
| 006 |
m o d |
| 007 |
cr un||||||||| |
| 007 |
vz |za||| |
| 008 |
230313s2020 xx 011 f o vleng d |
| 005 |
20241105202935.5 |
| 035 |
|
|
|a (OCoLC)on1375387420
|
| 040 |
|
|
|a SGPBL
|b eng
|e rda
|e pn
|c SGPBL
|d OCLCF
|d OCLCO
|
| 019 |
|
|
|a 1430853796
|
| 020 |
|
|
|a 9781529627183
|q (SAGE Research Methods Video: Qualitative and Mixed Methods)
|
| 020 |
|
|
|a 1529627184
|
| 035 |
|
|
|a (OCoLC)1375387420
|z (OCoLC)1430853796
|
| 041 |
0 |
|
|j eng
|
| 050 |
|
4 |
|a LB2369
|b .W45 2020
|
| 082 |
0 |
4 |
|a 808.02
|
| 049 |
|
|
|a TXAM
|
| 245 |
0 |
0 |
|a Welcome to systematic review.
|
| 264 |
|
1 |
|a [Place of publication not identified] :
|b Muhammad Shakil Ahmad,
|c 2020.
|
| 300 |
|
|
|a 1 online resource (1 video file (00:10:01)) :
|b sound, colour.
|
| 336 |
|
|
|a two-dimensional moving image
|b tdi
|2 rdacontent
|
| 337 |
|
|
|a computer
|b c
|2 rdamedia
|
| 337 |
|
|
|a video
|b v
|2 rdamedia
|
| 338 |
|
|
|a online resource
|b cr
|2 rdacarrier
|
| 490 |
1 |
|
|a Systematic literature review : a practical guide ;
|v vol. 1
|
| 520 |
8 |
|
|a Overview of the systematic literature reviews course with a section-by-section breakdown of topics covered.
|
| 546 |
|
|
|a Closed-captioned in English.
|
| 588 |
|
|
|a Description based on XML content.
|
| 650 |
|
0 |
|a Academic writing.
|
| 650 |
|
0 |
|a Research
|x Methodology.
|
| 650 |
|
6 |
|a Écriture savante.
|
| 650 |
|
6 |
|a Recherche
|x Méthodologie.
|
| 650 |
|
7 |
|a Academic writing
|2 fast
|
| 650 |
|
7 |
|a Research
|x Methodology
|2 fast
|
| 830 |
|
0 |
|a Systematic literature review : a practical guide ;
|v vol. 1.
|
| 856 |
4 |
0 |
|u http://proxy.library.tamu.edu/login?url=https://methods.sagepub.com/video/welcome-to-systematic-review
|z Connect to this streaming video
|t 0
|
| 955 |
|
|
|a SAGE Research Methods Video Qualitative and Mixed Methods
|
| 994 |
|
|
|a 92
|b TXA
|
| 999 |
f |
f |
|s 9a95a4ad-9e0c-46db-94cd-f89a0e6a77be
|i 8a28fc78-f677-4716-abfa-cd8ca1c9b203
|t 0
|
| 952 |
f |
f |
|a Texas A&M University
|b College Station
|c Electronic Resources
|d Available Online
|t 0
|e LB2369 .W45 2020
|h Library of Congress classification
|
| 998 |
f |
f |
|a LB2369 .W45 2020
|t 0
|l Available Online
|